[Event "FRA-ch U12 Girls"]
[Site "Le Grand Bornand"]
[Date "2007.04.??"]
[Round "2"]
[White "Kancel, Sarah"]
[Black "Navrotescu, Andreea Cristiana"]
[Result "0-1"]
[WhiteElo "1530"]
[BlackElo "1670"]
[PlyCount "114"]
[EventDate "2007.04.07"]
[EventType "swiss"]
[EventRounds "9"]
[EventCountry "FRA"]
[SourceTitle "CBM 118 Extra"]
[Source "ChessBase"]
[SourceDate "2007.07.04"]
[SourceVersion "1"]
[SourceVersionDate "2007.07.04"]
[SourceQuality "1"]

1. e4 c5 2. Nc3 d6 3. Nf3 Nf6 4. Bc4 a6 5. d3 e6 6. Bg5 b5 7. Bb3 Bb7 8. a3 Be7 9. Ne2 h6 10. Be3 Nc6 11. Ng3 Na5 12. Ba2 Rc8 13. 0-0 0-0 14. h3 c4 15. Rc1 Nd7 16. Re1 f5 17. exf5 exf5 18. Bd4 d5 19. Qd2 Nc6 20. dxc4 Nxd4 21. Qxd4 dxc4 22. Nh5 Bf6 23. Nxf6+ Nxf6 24. Qxd8 Rcxd8 25. b3 Bxf3 26. gxf3 Rd4 27. Rcd1 Rfd8 28. Rxd4 Rxd4 29. bxc4 bxc4 30. Kf1 Kh7 31. Bb1 c3 32. Re3 Rd1+ 33. Re1 Rd4 34. Re3 Nd5 35. Rd3 Rxd3 36. cxd3 Kg6 37. Kg2 h5 38. Kg3 f4+ 39. Kg2 Kf6 40. h4 Ke5 41. Kf1 Kd4 42. Ke2 a5 43. Kd1 Ne7 44. Kc2 Nf5 45. Ba2 Nxh4 46. Be6 Nxf3 47. Bf5 Ne1+ 48. Kd1 Nxd3 49. Kc2 Nxf2 50. Kb3 h4 51. Kc2 h3 52. Bxh3 Nxh3 53. a4 f3 54. Kd1 g5 55. Ke1 g4 56. Kf1 c2 57. Ke1 c1Q# 0-1

[Event "FRA-ch U10 Girls"]
[Site "Aix les Bains"]
[Date "2006.??.??"]
[Round "2"]
[White "Fischer, Julie"]
[Black "Kancel, Sarah"]
[Result "1-0"]
[WhiteElo "1620"]
[BlackElo "1320"]
[PlyCount "65"]
[EventDate "2006.04.16"]
[EventType "swiss"]
[EventRounds "9"]
[EventCountry "FRA"]
[SourceTitle "EXT 2007"]
[Source "ChessBase"]
[SourceDate "2006.11.23"]
[SourceVersion "1"]
[SourceVersionDate "2006.11.23"]
[SourceQuality "1"]

1. e4 e5 2. Nf3 Nc6 3. d4 exd4 4. Nxd4 Nxd4 5. Qxd4 d6 6. Bc4 Nf6 7. Bg5 Be7 8. 0-0 c5 9. Qe3 0-0 10. Nc3 Bd7 11. Rad1 Ng4 12. Bxe7 Nxe3 13. Bxd8 Nxd1 14. Be7 Rfe8 15. Bxd6 Rac8 16. Rxd1 Rc6 17. Bb5 Rb6 18. Bxd7 Ra8 19. Na4 Ra6 20. Bb5 Ra5 21. Bd7 c4 22. e5 b6 23. f4 g6 24. Bb4 Ra6 25. Bb5 Rxa4 26. Bxa4 a5 27. Be7 Kg7 28. Bf6+ Kh6 29. g4 Rb8 30. Bc6 b5 31. Bf3 g5 32. fxg5+ Kg6 33. Be4# 1-0